000
00289nam a22001337a 4500
008
180127b xxu||||| |||| 00| 0 eng d
020
_a
9780534628888
041
_a
eng
080
_a
341
100
_a
14
101
_a
SHJ
245
_a
Community Policing
_c
Miller, L.S
942
_2
udc
_c
BK
999
_c
41104
_d
41104